LEADER 01439nam a2200313 u 4500 001 000000029861 003 CaOOAMICUS 005 20070226111949.0 008 970619s1948 it af u000 u ita u 035 $a10765599 040 $aISV$bita 100 1 $aGlotz, Gustave,$d1862-1935.$0(OLS)http://pul/name/24133 240 10$aCité grecque.$lItalian.$0(OLS)http://pul/title/40936 245 13$aLa città greca /$cGustave Glotz. 260 $a[Torino] :$bGiulio Einaudi,$c1948. 300 $a473 p., ca. 15 leaves of plates :$bill. ;$c22 cm 490 1 $aBiblioteca di cultura storica (Einaudi) ;$v30 500 $aTranslated from the French by Paolo Sereni. 504 $aIncludes index and bibliography (p. [459]-467. 650 0$aCities and towns$zGreece.$2//eng$0(OLS)http://pul/subject/3243 650 0$aCities and towns, Ancient$zGreece.$2//eng$0(OLS)http://pul/subject/17108 651 0$aGreece$xPolitics and government.$2//eng$0(OLS)http://pul/subject/355 700 1 $aSereni, Paolo.$0(OLS)http://pul/name/24134 830 0$aBiblioteca di cultura storica (Einaudi) ;$v30.$0(OLS)http://pul/title/1254 850 $aPUL 852 $aPUL$W1$xDP1 Fondo Cecchetti$y53$m268 L 13$j41302$nBK-PRI$b $qFondi$B41302$CPULBib$Z2$F41302 $HPUL2623 $81 941 1 $a1 996 $6245$aLa città greca$9(OLS)http://pul/title/40937 996 $6260$a[Torino] :$bGiulio Einaudi$9(OLS)http://pul/publisher/51562 LEADER 01191nam a2200301 a 4500 001 000000129714 003 CaOOAMICUS 005 20120717144124.0 008 120717s2011 it d u000 u ita r 020 $a978-88-244-3011-1 040 $aPUL$bita 082 04$a330 100 1 $aSpaziani, Stefania.$0(OLS)http://pul/name/83051 245 10$aCompendio di economia monetaria /$cStefania Spaziani. 260 $aNapoli :$bEsselibri-Simone$g2011 300 $a206 p. :$bgrafici ;$c24 cm 490 1 $aI volumi di base ;$v44/16 500 $aInclude indice. 650 4$aEconomia monetaria.$0(OLS)http://pul/subject/38832 830 0$aVolumi di base ;$v44/16.$0(OLS)http://pul/title/163704 850 $aPUL 852 $aPUL$W1$xDP2 Diritto e Scienze Sociali 3$y110$m330 COLL 3.44.16$j150184$qDDC 21$B148733$CPULBib$Z2$F148733 $H120286 $82 941 1 $a9 996 $6020$a978-88-244-3011-1$9(OLS)http://pul/number/150324 996 $6082$a330$9(OLS)http://pul/classification/362 996 $6245$aCompendio di economia monetaria$9(OLS)http://pul/title/163962 996 $6260$aNapoli :$bEsselibri-Simone$9(OLS)http://pul/publisher/67437